000
00187 a2200097 4500
001
11766
100
_a
-
245
_a
Pydawera
260
_a
_b
Economic & Social
_c
090
_c
9023
_d
9023
942
_a
NUST-CAE
_c
M
_c
35849
999
_c
246839
_d
246839